مكتبة جامعة عجلون الوطنية

فهرس بحث المكتبة

Normal view MARC view
  • سورة النحل - سورو الحجر - سورة الاسراء - تفسير - القران الكريم - تفسير

Entry Topical Term

Number of records used in: 1

001 - CONTROL NUMBER

  • control field: 9991

003 - CONTROL NUMBER IDENTIFIER

  • control field: JO-AjAnu

005 - DATE AND TIME OF LATEST TRANSACTION

  • control field: 20230606071915.0

008 - FIXED-LENGTH DATA ELEMENTS

  • fixed length control field: 230606|| aca||aabn | a|a d

040 ## - CATALOGING SOURCE

  • Original cataloging agency: JO-AjAnu
  • Transcribing agency: JO-AjAnu

150 ## - HEADING--TOPICAL TERM

  • Topical term or geographic name entry element: سورة النحل - سورو الحجر - سورة الاسراء - تفسير - القران الكريم - تفسير

670 ## - SOURCE DATA FOUND

  • Source citation: Work cat.: (JO-AjAnu)5149: بقلم طباره، عفيف عبد الفتاح, author 9990, روح القرأن الكريم : تفسير الجزء الرابع عشر وقسم من الجزء الخامس عشر : سورة الحجر، سورة النحل، سورة الإسراء